La doble moral de las organizaciones: los sistemas perversos y la corrupción institucionalizadas

Gardado en:
Detalles Bibliográficos
Autor Principal: Etkin, Jorge Ricardo (Author)
Formato: Libro
Idioma:Lingua castelá
Publicado: Madrid McGraw-Hill 1993
Edición:1a. ed
Subjects:
Tags: Engadir etiqueta
Sen Etiquetas, Sexa o primeiro en etiquetar este rexistro!

MARC

LEADER 00000cam a2200000 a 4500
001 UCY0777
003 CL-VaPUC
008 940812e19930000SP |||||||||||||||||spa|d
020 |a 8448101456 
082 0 4 |a 306.3613  |b ETK  |2 21 
100 0 |a Etkin, Jorge Ricardo  |e author  |9 328603 
245 1 3 |a La doble moral de las organizaciones: los sistemas perversos y la corrupción institucionalizadas 
250 |a 1a. ed 
300 |a 328 p 
942 |c BK 
945 |d 19940812 00:00:00  |a mfernand 
260 |a Madrid  |b McGraw-Hill  |c 1993 
650 7 |a EMPRESAS ASPECTOS MORALES Y ETICOS  |2 CL-VaPUC  |9 328604 
650 0 |a Organización  |9 256369 
583 |a last modification  |c 20170224 11:14:12  |k Rodrigo Vera 
999 |c 229695  |d 229693 
952 |0 0  |1 0  |4 0  |6 306_361300000000000_ETK_1993  |7 0  |8 A  |9 231151  |a BIBEDU  |b BIBEDU  |d 2019-11-15  |i 3006697  |l 1  |o 306.3613 ETK 1993  |p 3006697  |r 2025-03-07  |s 2025-03-07  |w 2019-11-15  |y BK  |k PSI 
952 |0 0  |1 0  |3 erb  |4 0  |6 306_361300000000000_ETK_1993  |7 0  |8 A  |9 231152  |a BIBENE  |b BIBENE  |i 5328004  |o 306.3613 ETK 1993  |p 5328004  |r 2025-01-15  |w 2019-11-15  |y BK  |z Catalogado en:20170226  |k ICO